|
|
|
|
| LEADER |
00933nab a2200277 i 4500 |
| 001 |
publ1651 |
| 005 |
20180717143156.0 |
| 008 |
120928s2010 hu o 0|| angol d |
| 022 |
|
|
|a 0743-7463
|
| 024 |
7 |
|
|a 10.1021/la101385e
|2 doi
|
| 024 |
7 |
|
|a 1397245
|2 mtmt
|
| 040 |
|
|
|a SZTE Publicatio Repozitórium
|b hun
|
| 041 |
|
|
|a angol
|
| 100 |
1 |
|
|a Mohl Melinda
|
| 245 |
1 |
0 |
|a Low-Temperature Large-Scale Synthesis and Electrical Testing of Ultralong Copper Nanowires
|h [elektronikus dokumentum] /
|c Mohl Melinda
|
| 260 |
|
|
|c 2010
|
| 300 |
|
|
|a 16496-16502
|
| 490 |
0 |
|
|a Langmuir
|v 26 No. 21
|
| 700 |
0 |
1 |
|a Pusztai Péter
|e aut
|
| 700 |
0 |
1 |
|a Kukovecz Ákos
|e aut
|
| 700 |
0 |
1 |
|a Kónya Zoltán
|e aut
|
| 700 |
0 |
1 |
|a Kukkola Jarmo
|e aut
|
| 700 |
0 |
1 |
|a Kordás Krisztián
|e aut
|
| 700 |
0 |
1 |
|a Vajtai Róbert
|e aut
|
| 700 |
0 |
1 |
|a Ajayan Pulickel M.
|e aut
|
| 856 |
4 |
0 |
|u http://publicatio.bibl.u-szeged.hu/1651/1/Langmuir26%282010%2916496.pdf
|z Dokumentum-elérés
|